| 000 | 00409cam a2200169ua 4500 | ||
|---|---|---|---|
| 020 | _c4.50 | ||
| 041 |
_aeng _h |
||
| 082 |
_a539.7 _bROM/RE |
||
| 100 | _aRomer, Alfred . | ||
| 245 |
_aRestless atom / _cAlfred Romer. _hTextual Documents |
||
| 260 |
_aLondon : _bHeinemann Educational Books Ltd. , _c1961. |
||
| 300 | _a98 ; . | ||
| 365 | _a4.50 | ||
| 504 | _a | ||
| 942 | _cBK | ||
| 999 |
_c7618 _d7618 |
||